Catálogo de la Biblioteca Horacio González - Universidad Nacional de General Sarmiento

Mini Aurélio o dicionário da língua portuguesa (Registro nro. 20195)

Detalles MARC
000 -CABECERA
campo de control de longitud fija 00916nam a22003250a 4500
001 - NÚMERO DE CONTROL
campo de control PT27644
003 - IDENTIFICADOR DEL NÚMERO DE CONTROL
campo de control AR-LpoUNG
005 - FECHA Y HORA DE LA ÚLTIMA TRANSACCIÓN
campo de control 20210131233338.0
008 - DATOS DE LONGITUD FIJA--INFORMACIÓN GENERAL
campo de control de longitud fija 191001s2008||||bl |||||||||||||||||por d
020 ## - NÚMERO INTERNACIONAL ESTÁNDAR DEL LIBRO
Número Internacional Estándar del Libro 9788574724164
Condiciones de disponibilidad $100
040 ## - FUENTE DE LA CATALOGACIÓN
Centro catalogador/agencia de origen AR-LpoUNG
Lengua de catalogación spa
Centro/agencia transcriptor AR-LpoUNG
Normas de descripción aacr
041 ## - CÓDIGO DE LENGUA
Código de lengua del texto/banda sonora o título independiente por
044 ## - CÓDIGO DEL PAÍS DE LA ENTIDAD EDITORA/PRODUCTORA
Código MARC del país bl
082 0# - NÚMERO DE LA CLASIFICACIÓN DECIMAL DEWEY
Número de clasificación R469 917min
100 1# - ENTRADA PRINCIPAL--NOMBRE DE PERSONA
Nombre de persona Buarque de Holanda Ferreira, Aurélio
245 10 - MENCIÓN DE TÍTULO
Título Mini Aurélio o dicionário da língua portuguesa
250 ## - MENCIÓN DE EDICIÓN
Mención de edición 6ta. ed., 11va. reimpr.
260 ## - PUBLICACIÓN, DISTRIBUCIÓN, ETC.
Lugar de publicación, distribución, etc. Curitiva :
Nombre del editor, distribuidor, etc. Positivo,
Fecha de publicación, distribución, etc. 2008.
300 ## - DESCRIPCIÓN FÍSICA
Extensión 895 p. :
Otras características físicas il., gráfs., tbls.
505 0# - NOTA DE CONTENIDO CON FORMATO
Nota de contenido con formato Acompaña Cd-Rom
650 #4 - PUNTO DE ACCESO ADICIONAL DE MATERIA--TÉRMINO DE MATERIA
Término de materia o nombre geográfico como elemento de entrada DICCIONARIOS
650 #4 - PUNTO DE ACCESO ADICIONAL DE MATERIA--TÉRMINO DE MATERIA
Término de materia o nombre geográfico como elemento de entrada LENGUA PORTUGUESA
650 #4 - PUNTO DE ACCESO ADICIONAL DE MATERIA--TÉRMINO DE MATERIA
Término de materia o nombre geográfico como elemento de entrada LEXICOGRAFIA
650 #4 - PUNTO DE ACCESO ADICIONAL DE MATERIA--TÉRMINO DE MATERIA
Término de materia o nombre geográfico como elemento de entrada MATERIAL DE REFERENCIA
650 #4 - PUNTO DE ACCESO ADICIONAL DE MATERIA--TÉRMINO DE MATERIA
Término de materia o nombre geográfico como elemento de entrada TERMINOLOGIA
651 #4 - PUNTO DE ACCESO ADICIONAL DE MATERIA--NOMBRE GEOGRÁFICO
Nombre geográfico DOCUMENTOS TEORICOS O METODOLOGICOS
653 ## - TÉRMINO DE INDIZACIÓN--NO CONTROLADO
Término no controlado DICCIONARIOS DE PORTUGUES
905 ## - ELEMENTOS DE DATOS E LOCAL, LDE (RLIN)
a 27644
942 ## - ELEMENTOS DE PUNTO DE ACCESO ADICIONAL (KOHA)
Tipo de ítem Koha Lectura en Sala
Existencias
Estado de retiro Estado de pérdida Estado dañado No para préstamo Código de colección Localización permanente Ubicación/localización actual Fecha de adquisición Total de préstamos Signatura topográfica completa Código de barras Fecha visto por última vez Precio válido a partir de Tipo de ítem Koha Fecha del último préstamo
        Colección Referencia Biblioteca Universidad Nacional de General Sarmiento Biblioteca Universidad Nacional de General Sarmiento 31/01/2021   469 917min S00030068 31/01/2021 31/01/2021 Lectura en Sala  
        Colección Referencia Biblioteca Universidad Nacional de General Sarmiento Biblioteca Universidad Nacional de General Sarmiento 31/01/2021   469 917min S00030069 31/01/2021 31/01/2021 Lectura en Sala  
        Colección Referencia Biblioteca Universidad Nacional de General Sarmiento Biblioteca Universidad Nacional de General Sarmiento 31/01/2021   469 917min S00030070 31/01/2021 31/01/2021 Lectura en Sala  
        Colección Referencia Biblioteca Universidad Nacional de General Sarmiento Biblioteca Universidad Nacional de General Sarmiento 31/01/2021 1 469 917min S00030071 23/12/2025 31/01/2021 Lectura en Sala 12/12/2025
        Colección Referencia Biblioteca Universidad Nacional de General Sarmiento Biblioteca Universidad Nacional de General Sarmiento 31/01/2021   469 917min S00030072 31/01/2021 31/01/2021 Lectura en Sala  
        Colección Referencia Biblioteca Universidad Nacional de General Sarmiento Biblioteca Universidad Nacional de General Sarmiento 31/01/2021   469 917min S00030155 31/01/2021 31/01/2021 Lectura en Sala  
        Colección Referencia Biblioteca Universidad Nacional de General Sarmiento Biblioteca Universidad Nacional de General Sarmiento 31/01/2021 2 469 917min S00031234 19/09/2024 31/01/2021 Lectura en Sala 11/09/2024
        Colección Referencia Biblioteca Universidad Nacional de General Sarmiento Biblioteca Universidad Nacional de General Sarmiento 31/01/2021   469 917min S00031237 31/01/2021 31/01/2021 Lectura en Sala  
        Colección Referencia Biblioteca Universidad Nacional de General Sarmiento Biblioteca Universidad Nacional de General Sarmiento 31/01/2021   469 917min S00031239 31/01/2021 31/01/2021 Lectura en Sala  
        Colección Referencia Biblioteca Universidad Nacional de General Sarmiento Biblioteca Universidad Nacional de General Sarmiento 31/01/2021   469 917min S00031241 31/01/2021 31/01/2021 Lectura en Sala  
        Colección Referencia Biblioteca Universidad Nacional de General Sarmiento Biblioteca Universidad Nacional de General Sarmiento 31/01/2021   469 917min S00031243 31/01/2021 31/01/2021 Lectura en Sala  
        Colección Referencia Biblioteca Universidad Nacional de General Sarmiento Biblioteca Universidad Nacional de General Sarmiento 31/01/2021 3 469 917min S00031245 25/04/2023 31/01/2021 Lectura en Sala 25/04/2023
        Colección Referencia Biblioteca Universidad Nacional de General Sarmiento Biblioteca Universidad Nacional de General Sarmiento 31/01/2021 1 469 917min S00031248 16/12/2025 31/01/2021 Lectura en Sala 16/12/2025
        Colección Referencia Biblioteca Universidad Nacional de General Sarmiento Biblioteca Universidad Nacional de General Sarmiento 31/01/2021   469 917min S00031249 31/01/2021 31/01/2021 Lectura en Sala  
        Colección Referencia Biblioteca Universidad Nacional de General Sarmiento Biblioteca Universidad Nacional de General Sarmiento 31/01/2021   469 917min S00031251 31/01/2021 31/01/2021 Lectura en Sala  
        Colección Referencia Biblioteca Universidad Nacional de General Sarmiento Biblioteca Universidad Nacional de General Sarmiento 31/01/2021   469 917min S00031253 31/01/2021 31/01/2021 Lectura en Sala